000 00939nam a22002417a 4500
001 83652
003 BD-RjUL
005 20240505174415.0
008 240505s1995 bg a|||| m||| 00| 0 eng d
035 _a(BD-RjUL)83652
040 _aBD-RjUL
_beng
_cBD-RjUL
_dBD-RjUL
041 _aeng
082 _223
_a580
_bSHS 1995
100 _aShah, Md. Abdur Razzaque
_912842
245 1 0 _aStudies on in vitro plantlet regeneration of averrhoa carambola L. /
_cSubmitted By Md. Abdur Razzaque Shah ;
_6Supervisor : Muhammad. Nurul Amin
260 _aRajshahi :
_bInstitute of Biological Sciences, University of Rajshahi,
_c1995
300 _axi, 225 leaves :
_bill, ;
_c30.cm.
502 _aThesis (Ph. D.) -- Institute of Biological Sciences, University of Rajshahi, 1995
504 _aReferences : Leaves 185 - 223
650 _aPlants
_xPlantlet regeneration
_912843
700 _aAmin, Muhammad. Nurul, Supervisor
_912844
942 _2ddc
_cTHE
999 _c83652
_d83652